000
00300nam a2200097Ia 4500
082
_a
338.4791|ENRO
245
0
_a
En route with tourism : an introductory text
100
_a
Saayman, M. Cape Town [South Africa], 2013 4th ed
_9
54145
942
_c
BK
008
210817s9999 xx 000 0 und d
999
_c
171423
_d
171422